[Event "OEsterreichische Damenbundesliga 2014/2015"]
[Site "Hartkirchen, St. Veit, Mayrhofen"]
[Date "2015.02.27"]
[Round "4"]
[Board "2"]
[White "Mira, Helene"]
[Black "Hiebler, Laura"]
[Result "1/2-1/2"]
[WhiteElo "2049"]
[BlackElo "1921"]
[PlyCount "91"]
[EventDate "2014.10.03"]
[EventType "team"]
[EventRounds "9"]
[EventCountry "AUT"]
[WhiteTeam "SK Dornbirn"]
[BlackTeam "SV Schachamazonen"]

1. Nf3 Nf6 2. c4 e6 3. g3 d5 4. Bg2 Be7 5. O-O O-O 6. d4 Nbd7 7. cxd5 exd5 8.
Nc3 c6 9. Re1 Nb6 10. Ne5 Bf5 11. a4 a5 12. b3 Bb4 13. Bb2 Re8 14. Nd3 Bd6 15.
e3 Ne4 16. f3 Nxc3 17. Bxc3 Qd7 18. e4 dxe4 19. fxe4 Bh3 20. Bf3 f6 21. Qd2 Bc7
22. Nc5 Qf7 23. Rab1 Ra7 24. Be2 Qg6 25. e5 fxe5 26. dxe5 Kh8 27. Bf3 Be6 28.
Nxe6 Qxe6 29. Bh5 Rd8 30. Qg5 Nd5 31. Bd4 Raa8 32. Bg4 Qe7 33. Qxe7 Nxe7 34.
Bc5 Nd5 35. Bf3 Re8 36. Bxd5 cxd5 37. e6 Ra6 38. e7 Bd6 39. Rbc1 Kg8 40. Bxd6
Rxd6 41. Rc7 Rb6 42. Rc5 Kf7 43. Rxd5 Rxe7 44. Rf1+ Ke8 45. Rxa5 Rxb3 46. Raf5
 1/2-1/2

[Event "OEsterreichische Damenbundesliga 2014/2015"]
[Site "Hartkirchen, St. Veit, Mayrhofen"]
[Date "2015.02.27"]
[Round "4"]
[Board "1"]
[White "Saler-Grafenberger, Elisabeth"]
[Black "Teuschler, Barbara"]
[Result "0-1"]
[WhiteElo "1936"]
[BlackElo "2167"]
[PlyCount "67"]
[EventDate "2014.10.03"]
[EventType "team"]
[EventRounds "9"]
[EventCountry "AUT"]
[WhiteTeam "SpG Steyr 2"]
[BlackTeam "ASVOE Pamhagen"]

1. c4 e6 2. Nc3 d5 3. d4 dxc4 4. e3 a6 5. Bxc4 Nf6 6. a4 c5 7. Nf3 Nc6 8. O-O
Qc7 9. Ba2 Nb4 10. Bb1 b6 11. e4 Bb7 12. Bg5 O-O-O 13. Ne2 h6 14. Bh4 g5 15.
Bg3 Qe7 16. Be5 Rg8 17. Bxf6 Qxf6 18. Qe1 Kb8 19. a5 cxd4 20. e5 Qe7 21. Nfxd4
Qc5 22. axb6 Qxe5 23. Qc3 Bd6 24. Ng3 Rc8 25. Qe3 Qc5 26. Ne4 Qd5 27. f3 Be7
28. Nc3 Qd7 29. Rd1 Rgd8 30. Be4 Bc5 31. Nce2 e5 32. Qb3 exd4 33. Bxb7 Kxb7 34.
Kh1 0-1

[Event "OEsterreichische Damenbundesliga 2014/2015"]
[Site "Hartkirchen, St. Veit, Mayrhofen"]
[Date "2015.02.27"]
[Round "4"]
[Board "2"]
[White "Hapala, Elisabeth"]
[Black "Bernhard, Julia"]
[Result "0-1"]
[WhiteElo "2074"]
[BlackElo "1754"]
[PlyCount "116"]
[EventDate "2014.10.03"]
[EventType "team"]
[EventRounds "9"]
[EventCountry "AUT"]
[WhiteTeam "ASVOE Pamhagen"]
[BlackTeam "SpG Steyr 2"]

1. e4 e5 2. Nf3 Nc6 3. Bb5 a6 4. Ba4 Nf6 5. O-O b5 6. Bb3 Be7 7. d4 d6 8. dxe5
Nxe5 9. Nxe5 dxe5 10. Qxd8+ Bxd8 11. f3 c5 12. c3 c4 13. Bc2 Bb6+ 14. Kh1 Be6
15. a4 O-O 16. Bg5 Nd7 17. Na3 f6 18. Bh4 bxa4 19. Bxa4 Nc5 20. Bc2 Rfd8 21.
Rfd1 Nb3 22. Bxb3 cxb3 23. Rac1 Bc5 24. Nb1 a5 25. g4 g5 26. Be1 a4 27. Rxd8+
Rxd8 28. Kg2 Be3 29. Bd2 Bc5 30. c4 Bd4 31. Nc3 Bxc4 32. Nxa4 Bxb2 33. Rxc4
Rxd2+ 34. Kg3 Bd4 35. Rb4 b2 36. Rb3 Rc2 37. Kh3 Kg7 38. Kg3 Kg6 39. Kh3 h5 40.
gxh5+ Kxh5 41. Kg3 Rf2 42. Rb4 Rc2 43. Kh3 Rc4 44. Rxb2 Rxa4 45. Rb8 Ra2 46.
Rh8+ Kg6 47. Kg4 Rg2+ 48. Kh3 Rf2 49. Kg3 Kg7 50. Rd8 Re2 51. Kg4 Rxh2 52. Kf5
Rh4 53. Rd7+ Kh6 54. Ke6 Rf4 55. Kf7 Kh5 56. Rd8 Kh4 57. Rh8+ Kg3 58. Kg6 Kxf3
 0-1

[Event "OEsterreichische Damenbundesliga 2014/2015"]
[Site "Hartkirchen, St. Veit, Mayrhofen"]
[Date "2015.02.27"]
[Round "4"]
[Board "1"]
[White "Schnegg, Anna-Lena"]
[Black "Trippold, Denise"]
[Result "1/2-1/2"]
[WhiteElo "2072"]
[BlackElo "2043"]
[PlyCount "67"]
[EventDate "2014.10.03"]
[EventType "team"]
[EventRounds "9"]
[EventCountry "AUT"]
[WhiteTeam "Mayrhofen/SK Zell/Zillertal"]
[BlackTeam "SK Advisory Invest Baden"]

1. e4 c5 2. Nf3 e6 3. d4 cxd4 4. Nxd4 Nc6 5. Nc3 Qc7 6. Be3 a6 7. Qf3 Bd6 8.
O-O-O Be5 9. Nxc6 bxc6 10. Bd4 Nf6 11. Bxe5 Qxe5 12. Qe3 Ng4 13. Qe2 Qf4+ 14.
Rd2 Ne5 15. g3 Qf3 16. Qxf3 Nxf3 17. Rd1 e5 18. Ne2 Ng5 19. Bg2 Ne6 20. f4 f6
21. Rhf1 Ke7 22. Bh3 Nc5 23. Nc3 Rb8 24. Rf2 a5 25. fxe5 fxe5 26. Rdf1 Ba6 27.
Rf7+ Ke8 28. R1f2 Rg8 29. b3 Rb7 30. R7f5 d6 31. Rd2 Ke7 32. Bf1 Bxf1 33. Rxf1
Rb4 34. Rfd1 1/2-1/2

[Event "OEsterreichische Damenbundesliga 2014/2015"]
[Site "Hartkirchen, St. Veit, Mayrhofen"]
[Date "2015.02.27"]
[Round "4"]
[Board "2"]
[White "Panzenboeck, Sophie"]
[Black "Roeck, Vanessa"]
[Result "1/2-1/2"]
[WhiteElo "1454"]
[BlackElo "1636"]
[PlyCount "85"]
[EventDate "2014.10.03"]
[EventType "team"]
[EventRounds "9"]
[EventCountry "AUT"]
[WhiteTeam "SK Advisory Invest Baden"]
[BlackTeam "Mayrhofen/SK Zell/Zillertal"]

1. d4 d6 2. Nf3 g6 3. e3 Bg7 4. c3 Nd7 5. Bd3 e5 6. O-O Ngf6 7. Nbd2 O-O 8.
dxe5 dxe5 9. e4 Nc5 10. Bc2 Bg4 11. h3 Bxf3 12. Qxf3 Ne6 13. Nc4 Nh5 14. g3 b5
15. Rd1 Qc8 16. Na3 a6 17. Be3 h6 18. h4 Rd8 19. Rxd8+ Qxd8 20. Rd1 Qe7 21. Bb3
Nf6 22. Nc2 a5 23. Bd5 Nxd5 24. Rxd5 c6 25. Rd1 Rd8 26. Bb6 Rxd1+ 27. Qxd1 a4
28. Nb4 Qb7 29. Be3 Bf8 30. Nd3 f6 31. b4 Qf7 32. a3 Kh7 33. f3 Nc7 34. Nc5 Ne6
35. Qd7 Qxd7 36. Nxd7 Be7 37. Kf2 Kg7 38. Ke2 h5 39. Kd3 Bd6 40. c4 Kf7 41. Nb6
Ke8 42. cxb5 cxb5 43. Nd5 1/2-1/2

[Event "OEsterreichische Damenbundesliga 2014/2015"]
[Site "Hartkirchen, St. Veit, Mayrhofen"]
[Date "2015.02.27"]
[Round "4"]
[Board "1"]
[White "Horvath, Reka"]
[Black "Kopinits, Anna-Christina"]
[Result "0-1"]
[WhiteElo "2012"]
[BlackElo "2225"]
[PlyCount "92"]
[EventDate "2014.10.03"]
[EventType "team"]
[EventRounds "9"]
[EventCountry "AUT"]
[WhiteTeam "SpG Feldbach-Kirchberg"]
[BlackTeam "ASVOE Wulkaprodersdorf"]

1. e4 c5 2. Nf3 Nc6 3. d4 cxd4 4. Nxd4 Nf6 5. Nc3 e5 6. Ndb5 d6 7. Bg5 a6 8.
Bxf6 gxf6 9. Na3 b5 10. Nd5 f5 11. c3 Rb8 12. exf5 Bg7 13. Qf3 Qg5 14. f6 Bh6
15. Ne3 Bb7 16. h4 Qg6 17. Nd5 e4 18. Qh3 Ne5 19. Rd1 Bxd5 20. Rxd5 Qxf6 21.
Be2 Ke7 22. O-O Qe6 23. Qxe6+ fxe6 24. Rd4 d5 25. b3 Rhg8 26. c4 bxc4 27. bxc4
Rb2 28. Bh5 Rxa2 29. cxd5 Rxa3 30. d6+ Kf6 31. Rxe4 Nd7 32. Rfe1 Nc5 33. Re5
Rc3 34. d7 Rd8 35. Be8 Bf4 36. R5e2 Rc1 37. Rxc1 Bxc1 38. Rc2 Ba3 39. Rc3 Bb4
40. Rf3+ Ke5 41. Re3+ Kd6 42. g4 a5 43. g5 a4 44. h5 a3 45. Re2 Nxd7 46. Bf7
Ne5 0-1

[Event "OEsterreichische Damenbundesliga 2014/2015"]
[Site "Hartkirchen, St. Veit, Mayrhofen"]
[Date "2015.02.27"]
[Round "4"]
[Board "2"]
[White "Exler, Veronika"]
[Black "Wilfling, Sandra"]
[Result "1-0"]
[WhiteElo "2213"]
[BlackElo "1852"]
[PlyCount "87"]
[EventDate "2014.10.03"]
[EventType "team"]
[EventRounds "9"]
[EventCountry "AUT"]
[WhiteTeam "ASVOE Wulkaprodersdorf"]
[BlackTeam "SpG Feldbach-Kirchberg"]

1. d4 Nf6 2. g3 g6 3. Bg2 Bg7 4. e4 d6 5. Ne2 O-O 6. O-O c6 7. a4 Na6 8. h3 h6
9. Be3 Kh7 10. f4 Nd7 11. f5 c5 12. c3 cxd4 13. cxd4 Nb6 14. Qb3 Nc7 15. Nbc3
e6 16. a5 Nd7 17. Qb4 Nf6 18. Bf4 Nfe8 19. fxg6+ fxg6 20. Rfd1 g5 21. Be3 d5
22. e5 Na6 23. Qb3 Qe7 24. Qc2+ Kh8 25. Rf1 Bd7 26. h4 Nec7 27. hxg5 hxg5 28.
Qg6 Be8 29. Rxf8+ Bxf8 30. Qxg5 Qxg5 31. Bxg5 Nb5 32. Nxb5 Bxb5 33. Nf4 Bd7 34.
Bh3 Nc7 35. Kf2 Kg8 36. Ke3 Bb4 37. Bg4 Rf8 38. Nd3 Na6 39. Bf6 Rf7 40. Bh5 Rh7
41. g4 Be7 42. Rc1 Bf8 43. Nf4 Be7 44. Bg6 1-0

[Event "OEsterreichische Damenbundesliga 2014/2015"]
[Site "Hartkirchen, St. Veit, Mayrhofen"]
[Date "2015.02.27"]
[Round "4"]
[Board "1"]
[White "Landl, Margot"]
[Black "Molnar, Monika"]
[Result "1-0"]
[WhiteElo "1804"]
[BlackElo "1914"]
[PlyCount "77"]
[EventDate "2014.10.03"]
[EventType "team"]
[EventRounds "9"]
[EventCountry "AUT"]
[WhiteTeam "SC Pinggau Friedberg"]
[BlackTeam "Spg Steyr 1"]

1. e4 d5 2. exd5 Qxd5 3. Nc3 Qa5 4. d4 Nf6 5. Nf3 c6 6. Bc4 Bg4 7. h3 Qh5 8.
Be2 e6 9. Rg1 Bxf3 10. Bxf3 Qa5 11. a3 Nbd7 12. Qd2 O-O-O 13. b3 Ne5 14. Bb2 c5
15. O-O-O cxd4 16. Ne4 Qb6 17. Nxf6 Nxf3 18. gxf3 gxf6 19. Bxd4 Bxa3+ 20. Kb1
Bc5 21. Qc3 Rd5 22. Bxf6 Rxd1+ 23. Rxd1 Rg8 24. Be7 Qc7 25. Qxc5 Qxc5 26. Bxc5
b6 27. Be3 Rg2 28. Rd4 f5 29. Rh4 e5 30. f4 exf4 31. Rxf4 Rh2 32. Rh4 f4 33.
Bd4 Kb7 34. Rxh7+ Ka6 35. Rf7 Rxh3 36. Rxf4 Kb5 37. Kb2 Rh6 38. Rf5+ Ka6 39. f4
 1-0

[Event "OEsterreichische Damenbundesliga 2014/2015"]
[Site "Hartkirchen, St. Veit, Mayrhofen"]
[Date "2015.02.27"]
[Round "4"]
[Board "2"]
[White "Nagy, Laura"]
[Black "Steiner, Magdalena"]
[Result "1-0"]
[WhiteElo "1880"]
[BlackElo "1653"]
[PlyCount "97"]
[EventDate "2014.10.03"]
[EventType "team"]
[EventRounds "9"]
[EventCountry "AUT"]
[WhiteTeam "Spg Steyr 1"]
[BlackTeam "SC Pinggau Friedberg"]

1. e4 c5 2. Nc3 d6 3. g3 Nf6 4. Bg2 g6 5. d3 Bg7 6. Nge2 Nc6 7. h3 Nd4 8. O-O
Nxe2+ 9. Qxe2 Rb8 10. e5 dxe5 11. Qxe5 Qd6 12. Qxd6 exd6 13. Nb5 O-O 14. Nxd6
b6 15. Nxc8 Rbxc8 16. Be3 Rcd8 17. Rad1 Nd5 18. c3 Nxe3 19. fxe3 Rfe8 20. e4
Re6 21. Bf3 Bh6 22. Kg2 Red6 23. Be2 Re6 24. h4 f5 25. Bf3 fxe4 26. dxe4 Red6
27. Rd5 Bg7 28. Rf2 Bh6 29. Re2 Kf8 30. c4 Ke8 31. b3 Bg7 32. Bg4 h5 33. Bf3
Re6 34. g4 hxg4 35. Bxg4 Re5 36. Rxd8+ Kxd8 37. Rd2+ Ke7 38. Rd7+ Kf6 39. Kf3
Bh6 40. Rxa7 Bd2 41. Rd7 Ba5 42. Rd6+ Kf7 43. Kf4 Re7 44. e5 Rb7 45. Be6+ Ke7
46. Bd5 Rb8 47. Re6+ Kd7 48. Rxg6 Rf8+ 49. Rf6 1-0

[Event "OEsterreichische Damenbundesliga 2014/2015"]
[Site "Hartkirchen, St. Veit, Mayrhofen"]
[Date "2015.02.27"]
[Round "4"]
[Board "1"]
[White "Anker, Christin"]
[Black "Mattersberger, Melanie"]
[Result "1-0"]
[WhiteElo "1852"]
[BlackElo "1677"]
[PlyCount "65"]
[EventDate "2014.10.03"]
[EventType "team"]
[EventRounds "9"]
[EventCountry "AUT"]
[WhiteTeam "Schach ohne Grenzen"]
[BlackTeam "SV Extraherb WS"]

1. e4 c5 2. Nf3 Nc6 3. d4 cxd4 4. Nxd4 Nf6 5. Nc3 e5 6. Ndb5 d6 7. Nd5 Nxd5 8.
exd5 Qa5+ 9. Bd2 Qb6 10. dxc6 Qxc6 11. c4 Be7 12. Qf3 O-O 13. Be2 a6 14. Nc3
Be6 15. b3 f5 16. O-O Rad8 17. Nd5 Bf6 18. Rad1 Kh8 19. Nxf6 gxf6 20. Qxc6 bxc6
21. Bb4 c5 22. Ba5 Rd7 23. Rd2 Rg8 24. Rfd1 Rdg7 25. g3 f4 26. Rxd6 Bh3 27. Rd8
fxg3 28. fxg3 f5 29. Rxg8+ Kxg8 30. Rd8+ Kf7 31. Rd7+ Kf6 32. Rxg7 Kxg7 33. Bb6
 1-0

[Event "OEsterreichische Damenbundesliga 2014/2015"]
[Site "Hartkirchen, St. Veit, Mayrhofen"]
[Date "2015.02.27"]
[Round "4"]
[Board "2"]
[White "Tschida, Verena"]
[Black "Bauer, Marie-Christine"]
[Result "1/2-1/2"]
[WhiteElo "1684"]
[BlackElo "1876"]
[PlyCount "47"]
[EventDate "2014.10.03"]
[EventType "team"]
[EventRounds "9"]
[EventCountry "AUT"]
[WhiteTeam "SV Extraherb WS"]
[BlackTeam "Schach ohne Grenzen"]

1. d4 Nf6 2. c4 c5 3. e3 e6 4. Nf3 d5 5. Nc3 Nc6 6. cxd5 Nxd5 7. Bb5 a6 8.
Bxc6+ bxc6 9. O-O cxd4 10. Qxd4 c5 11. Qc4 Nxc3 12. Qxc3 Bb7 13. Ne5 Bd6 14.
Nc4 O-O 15. Nxd6 Qxd6 16. b3 Qd5 17. f3 Rfd8 18. Bb2 f6 19. Ba3 Rdc8 20. Rfd1
Qc6 21. Bb2 Rd8 22. Ba3 Rdc8 23. Bb2 Rd8 24. Ba3 1/2-1/2

[Event "OEsterreichische Damenbundesliga 2014/2015"]
[Site "Hartkirchen, St. Veit, Mayrhofen"]
[Date "2015.02.27"]
[Round "4"]
[Board "1"]
[White "Stockhammer, Lotte"]
[Black "Tarmastin, Laura"]
[Result "0-1"]
[WhiteElo "1264"]
[BlackElo "1832"]
[PlyCount "34"]
[EventDate "2014.10.03"]
[EventType "team"]
[EventRounds "9"]
[EventCountry "AUT"]
[WhiteTeam "JSV Muehlviertel"]
[BlackTeam "SV Autohof St. Veit/Glan"]

1. d4 Nf6 2. c4 g6 3. Nf3 Bg7 4. g3 d6 5. Bg2 O-O 6. O-O Nbd7 7. Nc3 e5 8. e4
Re8 9. d5 Nc5 10. Nd2 Ng4 11. h3 Nh6 12. f4 exf4 13. Rxf4 g5 14. Rf1 g4 15. h4
Be5 16. Kh2 Qxh4+ 17. Kg1 Bxg3 0-1

[Event "OEsterreichische Damenbundesliga 2014/2015"]
[Site "Hartkirchen, St. Veit, Mayrhofen"]
[Date "2015.02.27"]
[Round "4"]
[Board "2"]
[White "Krassnitzer, Maria"]
[Black "Riegler, Katharina"]
[Result "0-1"]
[WhiteElo "1560"]
[BlackElo "1282"]
[PlyCount "38"]
[EventDate "2014.10.03"]
[EventType "team"]
[EventRounds "9"]
[EventCountry "AUT"]
[WhiteTeam "SV Autohof St. Veit/Glan"]
[BlackTeam "JSV Muehlviertel"]

1. d4 c5 2. Nf3 cxd4 3. Nxd4 Nc6 4. e4 e5 5. Nxc6 bxc6 6. Bc4 Nf6 7. Nc3 Bb4 8.
Bd2 O-O 9. f3 Bb7 10. a3 Bxc3 11. Bxc3 Re8 12. O-O d5 13. exd5 cxd5 14. Bb5
Qb6+ 15. Kh1 Qxb5 16. Re1 d4 17. Bb4 Qc6 18. Rc1 Nd5 19. Bd2 Rac8 0-1

[Event "OEsterreichische Damenbundesliga 2014/2015"]
[Site "Hartkirchen, St. Veit, Mayrhofen"]
[Date "2015.02.28"]
[Round "5"]
[Board "1"]
[White "Mira, Helene"]
[Black "Saler-Grafenberger, Elisabeth"]
[Result "1-0"]
[WhiteElo "2049"]
[BlackElo "1936"]
[PlyCount "107"]
[EventDate "2014.10.03"]
[EventType "team"]
[EventRounds "9"]
[EventCountry "AUT"]
[WhiteTeam "SK Dornbirn"]
[BlackTeam "SpG Steyr 2"]

1. d4 Nf6 2. c4 e6 3. Nf3 Bb4+ 4. Bd2 Bxd2+ 5. Qxd2 d5 6. e3 O-O 7. Nc3 c6 8.
Bd3 Nbd7 9. O-O Re8 10. e4 dxe4 11. Nxe4 Nxe4 12. Bxe4 Nf6 13. Rfe1 Nxe4 14.
Rxe4 b6 15. Rae1 Bb7 16. Qf4 Rf8 17. Re5 Rc8 18. c5 Rc7 19. Rh5 g6 20. Rh4 Bc8
21. Qh6 f6 22. Qc1 bxc5 23. Qxc5 Qd5 24. Qa3 a5 25. Rhe4 Rd8 26. h4 Qb5 27. Qc3
Qb4 28. R4e3 Qxc3 29. Rxc3 Rd5 30. Rec1 Bd7 31. Rc5 Rb7 32. b3 Rb5 33. Rxb5
cxb5 34. Rc7 b4 35. Kf1 Kf8 36. Ke2 Ke8 37. Ke3 Kd8 38. Ra7 h6 39. g3 g5 40.
hxg5 hxg5 41. Nd2 e5 42. dxe5 Rxe5+ 43. Kd4 Re2 44. Ne4 Rxa2 45. Nxf6 Be6 46.
f4 gxf4 47. gxf4 Bxb3 48. Ne4 a4 49. Rb7 Rb2 50. Rxb4 Rh2 51. Nc5 Rh4 52. Ke5
Rh5+ 53. f5 Bf7 54. Ne6+ 1-0

[Event "OEsterreichische Damenbundesliga 2014/2015"]
[Site "Hartkirchen, St. Veit, Mayrhofen"]
[Date "2015.02.28"]
[Round "5"]
[Board "2"]
[White "Hackbarth, Christa"]
[Black "Froewis, Annika"]
[Result "1/2-1/2"]
[WhiteElo "1880"]
[BlackElo "1991"]
[PlyCount "78"]
[EventDate "2014.10.03"]
[EventType "team"]
[EventRounds "9"]
[EventCountry "AUT"]
[WhiteTeam "SpG Steyr 2"]
[BlackTeam "SK Dornbirn"]

1. d4 d5 2. Nf3 Nf6 3. Bf4 c5 4. c3 e6 5. e3 Nc6 6. Nbd2 Bd6 7. Bg3 O-O 8. Bd3
Qe7 9. Ne5 Bxe5 10. dxe5 Nd7 11. Nf3 f6 12. exf6 Qxf6 13. Qc2 h6 14. Bd6 Re8
15. Bg6 Rd8 16. Bc7 Rf8 17. Bd6 Ne7 18. Bh5 e5 19. Bxe7 Qxe7 20. O-O-O e4 21.
Ne1 Qg5 22. g4 Nf6 23. f4 exf3 24. Nxf3 Qxe3+ 25. Nd2 Nxh5 26. gxh5 Bf5 27. Qb3
Rfd8 28. Rhg1 Rd7 29. Rg3 Qe2 30. Rdg1 Qxh5 31. Rxg7+ Rxg7 32. Rxg7+ Kxg7 33.
Qxb7+ Kg6 34. Qxa8 Qxh2 35. Qg8+ Kh5 36. Qf7+ Kg4 37. Qg7+ Kh5 38. Qf7+ Kg4 39.
Qg7+ Kh5 1/2-1/2

[Event "OEsterreichische Damenbundesliga 2014/2015"]
[Site "Hartkirchen, St. Veit, Mayrhofen"]
[Date "2015.02.28"]
[Round "5"]
[Board "1"]
[White "Kopinits, Anna-Christina"]
[Black "Truszkiewicz, Eliza"]
[Result "1-0"]
[WhiteElo "2225"]
[BlackElo "1929"]
[PlyCount "71"]
[EventDate "2014.10.03"]
[EventType "team"]
[EventRounds "9"]
[EventCountry "AUT"]
[WhiteTeam "ASVOE Wulkaprodersdorf"]
[BlackTeam "SV Schachamazonen"]

1. e4 e5 2. Nf3 Nc6 3. Bb5 a6 4. Ba4 Nf6 5. O-O b5 6. Bb3 Be7 7. d3 d6 8. c3
O-O 9. Re1 h6 10. Nbd2 Nh7 11. d4 exd4 12. cxd4 Na5 13. Bc2 Bg4 14. h3 Bh5 15.
Nf1 Ng5 16. Bxg5 Bxg5 17. Ng3 Bxf3 18. Qxf3 Nc4 19. b3 Nb6 20. Rad1 g6 21. e5
d5 22. Qg4 Qc8 23. e6 f5 24. Nxf5 Rxf5 25. Bxf5 gxf5 26. Qxf5 Qf8 27. Qg6+ Kh8
28. Rd3 Re8 29. h4 Bxh4 30. Rf3 Qg8 31. Qxh6+ Qh7 32. Rf8+ Rxf8 33. Qxf8+ Qg8
34. Qh6+ Qh7 35. Qxh7+ Kxh7 36. e7 1-0

[Event "OEsterreichische Damenbundesliga 2014/2015"]
[Site "Hartkirchen, St. Veit, Mayrhofen"]
[Date "2015.02.28"]
[Round "5"]
[Board "2"]
[White "Hiebler, Laura"]
[Black "Exler, Veronika"]
[Result "0-1"]
[WhiteElo "1921"]
[BlackElo "2213"]
[PlyCount "132"]
[EventDate "2014.10.03"]
[EventType "team"]
[EventRounds "9"]
[EventCountry "AUT"]
[WhiteTeam "SV Schachamazonen"]
[BlackTeam "ASVOE Wulkaprodersdorf"]

1. e4 e5 2. Nf3 Nc6 3. c3 d5 4. Qa4 Qd6 5. d4 Bd7 6. Bb5 exd4 7. Nxd4 Nxd4 8.
Bxd7+ Qxd7 9. Qxd4 dxe4 10. Qxe4+ Qe7 11. Qxe7+ Nxe7 12. O-O O-O-O 13. Nd2 Nc6
14. Nf3 Bc5 15. Bf4 f6 16. Rad1 g5 17. Bc1 h6 18. Rfe1 g4 19. Nd2 f5 20. Nc4 b5
21. Ne3 Bxe3 22. Bxe3 h5 23. Kf1 Rxd1 24. Rxd1 Rd8 25. Rxd8+ Kxd8 26. Ke2 Kd7
27. Kd3 a6 28. Bf4 Ne7 29. Kd4 Ng6 30. Bg5 Ke6 31. f3 gxf3 32. gxf3 Ne5 33. Ke3
Nc4+ 34. Kd4 Nxb2 35. Bf4 c5+ 36. Ke3 Nc4+ 37. Kd3 Kd5 38. Bc7 Kc6 39. Bb8 Kd5
40. Bc7 Kc6 41. Bb8 Kd5 42. Bc7 Ne5+ 43. Ke3 Ng6 44. Kd3 Nf8 45. Bb8 Ne6 46.
Ke3 Kc4 47. Be5 a5 48. Bf6 b4 49. cxb4 axb4 50. Be5 Kd5 51. Bf6 c4 52. Kd2 c3+
53. Bxc3 bxc3+ 54. Kxc3 Nd4 55. Kd3 Nxf3 56. Ke3 Nxh2 57. Kf4 Ke6 58. a4 Ng4
59. Kg5 Ne5 60. Kxh5 Nc4 61. Kh4 Ke5 62. Kg3 Ke4 63. Kf2 f4 64. Ke2 f3+ 65. Kf2
Kf4 66. Kf1 Ke3 0-1

[Event "OEsterreichische Damenbundesliga 2014/2015"]
[Site "Hartkirchen, St. Veit, Mayrhofen"]
[Date "2015.02.28"]
[Round "5"]
[Board "1"]
[White "Hapala, Elisabeth"]
[Black "Wu, Min"]
[Result "1-0"]
[WhiteElo "2074"]
[BlackElo "1929"]
[PlyCount "85"]
[EventDate "2014.10.03"]
[EventType "team"]
[EventRounds "9"]
[EventCountry "AUT"]
[WhiteTeam "ASVOE Pamhagen"]
[BlackTeam "Mayrhofen/SK Zell/Zillertal"]

1. e4 e5 2. Nf3 Nc6 3. Bb5 a6 4. Ba4 Nf6 5. O-O Be7 6. Re1 b5 7. Bb3 d6 8. c3
O-O 9. h3 Na5 10. Bc2 c5 11. d4 Qc7 12. Nbd2 Nc6 13. d5 Nd8 14. b3 Ne8 15. Nf1
g6 16. N3h2 f6 17. a4 Rb8 18. Bd2 Ng7 19. Qe2 Nf7 20. Ra2 f5 21. f4 Bf6 22.
fxe5 Nxe5 23. Rea1 b4 24. cxb4 cxb4 25. Rc1 Qf7 26. Nf3 Nxf3+ 27. Qxf3 f4 28.
Bd3 Bd4+ 29. Kh2 Bc5 30. Be1 Bb7 31. Nd2 Nh5 32. Bf2 Rbc8 33. Bxc5 dxc5 34. Bc4
Kh8 35. Qd3 Qf6 36. Nf3 Ng3 37. e5 Qd8 38. Rd2 Nf5 39. Bxa6 Bxa6 40. Qxa6 Nh4
41. Qe2 Nf5 42. d6 Ne3 43. Kg1 1-0

[Event "OEsterreichische Damenbundesliga 2014/2015"]
[Site "Hartkirchen, St. Veit, Mayrhofen"]
[Date "2015.02.28"]
[Round "5"]
[Board "2"]
[White "Mayrhuber, Nikola"]
[Black "Horvath, Maria"]
[Result "1/2-1/2"]
[WhiteElo "1804"]
[BlackElo "2033"]
[PlyCount "93"]
[EventDate "2014.10.03"]
[EventType "team"]
[EventRounds "9"]
[EventCountry "AUT"]
[WhiteTeam "Mayrhofen/SK Zell/Zillertal"]
[BlackTeam "ASVOE Pamhagen"]

1. d4 Nf6 2. Nf3 e6 3. c4 b6 4. g3 Ba6 5. Qc2 Bb4+ 6. Nbd2 O-O 7. Bg2 c6 8. O-O
d5 9. b3 Nbd7 10. Bb2 Rc8 11. Rac1 Qe7 12. Rfd1 Rfe8 13. Ne5 Nxe5 14. dxe5 Nd7
15. f4 Bc5+ 16. Kh1 Be3 17. Qd3 Bc5 18. e3 Bb4 19. Nf3 Nc5 20. Qe2 Ne4 21. Nd4
f5 22. exf6 Nxf6 23. Nf3 Bd6 24. Ne5 Bxe5 25. Bxe5 Nd7 26. Bb2 Nf6 27. Qd2 Red8
28. Qc3 c5 29. Kg1 Rd7 30. Bh3 Rcd8 31. Qe5 Kf7 32. f5 exf5 33. Bxf5 Qxe5 34.
Bxe5 Re7 35. Bf4 g6 36. Bh3 Bb7 37. Bg2 Rdd7 38. Bh3 Rd8 39. Bg5 Kg7 40. Rf1
Rf8 41. Bg2 dxc4 42. Bxb7 Rxb7 43. Rxc4 h6 44. Bxf6+ Rxf6 45. Rxf6 Kxf6 46. Kf2
Rd7 47. Ke2 1/2-1/2

[Event "OEsterreichische Damenbundesliga 2014/2015"]
[Site "Hartkirchen, St. Veit, Mayrhofen"]
[Date "2015.02.28"]
[Round "5"]
[Board "1"]
[White "Molnar, Monika"]
[Black "Bauer, Marie-Christine"]
[Result "1-0"]
[WhiteElo "1914"]
[BlackElo "1876"]
[PlyCount "75"]
[EventDate "2014.10.03"]
[EventType "team"]
[EventRounds "9"]
[EventCountry "AUT"]
[WhiteTeam "Spg Steyr 1"]
[BlackTeam "Schach ohne Grenzen"]

1. e4 c5 2. c3 d5 3. exd5 Qxd5 4. d4 Nf6 5. Nf3 e6 6. Be2 Nc6 7. O-O Be7 8. h3
O-O 9. Be3 cxd4 10. cxd4 b6 11. Nc3 Qd6 12. Rc1 Bb7 13. a3 Rac8 14. Bd3 Rfd8
15. Qe2 Nd5 16. Nxd5 Qxd5 17. Bc4 Qh5 18. Ba6 Bxa6 19. Qxa6 Bf6 20. Rfd1 Qa5
21. Qb7 Ne7 22. Rxc8 Rxc8 23. Ne5 Qa4 24. Re1 h6 25. Ng4 Bxd4 26. Bxd4 Qxd4 27.
Qxe7 Qxb2 28. Qxa7 Rc2 29. Rf1 b5 30. Qa8+ Kh7 31. Ne3 Rc3 32. a4 Ra3 33. Qe4+
f5 34. Qxe6 bxa4 35. Nc4 Qb3 36. Qxf5+ g6 37. Qf7+ Kh8 38. Qf8+ 1-0

[Event "OEsterreichische Damenbundesliga 2014/2015"]
[Site "Hartkirchen, St. Veit, Mayrhofen"]
[Date "2015.02.28"]
[Round "5"]
[Board "2"]
[White "Polterauer, Chiara"]
[Black "Nagy, Laura"]
[Result "1-0"]
[WhiteElo "1850"]
[BlackElo "1880"]
[PlyCount "93"]
[EventDate "2014.10.03"]
[EventType "team"]
[EventRounds "9"]
[EventCountry "AUT"]
[WhiteTeam "Schach ohne Grenzen"]
[BlackTeam "Spg Steyr 1"]

1. e4 e5 2. Nf3 Nc6 3. Bc4 Bc5 4. c3 Nf6 5. d3 d6 6. h3 h6 7. Bb3 O-O 8. Nbd2
d5 9. Qe2 Re8 10. Nf1 Be6 11. g4 dxe4 12. dxe4 Bxb3 13. axb3 Nh7 14. Ng3 Bb6
15. b4 Qf6 16. h4 Rad8 17. g5 hxg5 18. Nxg5 Qg6 19. Nf5 Ne7 20. h5 Qc6 21. Nxh7
Nxf5 22. Ng5 f6 23. Nh3 Nd6 24. f3 Qc4 25. Nf2 Qxe2+ 26. Kxe2 Nc4 27. b3 Nd6
28. c4 c5 29. Be3 Rc8 30. Nd3 f5 31. bxc5 fxe4 32. cxb6 exd3+ 33. Kxd3 a6 34.
h6 Nf5 35. Rag1 Rcd8+ 36. Ke2 Rd7 37. hxg7 Rxg7 38. Rxg7+ Kxg7 39. Rg1+ Kf7 40.
Rd1 Ke6 41. Rd5 Ne7 42. Rc5 Nc6 43. Kd3 Rd8+ 44. Ke4 Rd1 45. Rxc6+ bxc6 46. b7
Rd8 47. Ba7 1-0